El Concilio visto por un protestante / (Record no. 127314)

MARC details
000 -LEADER
campo de control de longitud fija 00676nam a2200217 4500
001 - NÚMERO DE CONTROL
campo de control 127314
003 - IDENTIFICADOR DE NÚMERO DE CONTROL
campo de control ES-MaACL
005 - FECHA Y HORA DE LA ÚLTIMA TRANSACCIÓN
campo de control 20230906193005.0
007 - CAMPO FIJO DE DESCRIPCIÓN FÍSICA--INFORMACIÓN GENERAL
campo de control de longitud fija t|
008 - DATOS DE LONGITUD FIJA--INFORMACIÓN GENERAL
campo de control de longitud fija 070214s1967 sp r ||||1| spa d
100 1# - ENTRADA PRINCIPAL--NOMBRE DE PERSONA
Nombre de persona Richard-Molard, Georges.
9 (RLIN) 96916
245 13 - MENCIÓN DEL TÍTULO
Título El Concilio visto por un protestante /
Mención de responsabilidad, etc. Georges Richard-Molard ; [traducción de Pilar López Máñez].
250 ## - MENCION DE EDICION
Mención de edición 1ª ed.
260 ## - PUBLICACIÓN, DISTRIBUCIÓN, ETC.
Lugar de publicación, distribución, etc. Madrid :
Nombre del editor, distribuidor, etc. Cid,
Fecha de publicación, distribución, etc. 1967.
300 ## - DESCRIPCIÓN FÍSICA
Extensión 271 p. ;
Dimensiones 20 cm.
490 1# - MENCIÓN DE SERIE
Mención de serie Esquemas del futuro ;
Designación de volumen o secuencia 10
700 0# - ENTRADA AGREGADA--NOMBRE PERSONAL
Nombre de persona López Máñez, Pilar.
9 (RLIN) 73746
830 0# - PUNTO DE ACCESO ADICIONAL DE SERIE-TÍTULO UNIFORME
Título uniforme Esquemas del futuro ;
Designación de volumen o secuencia 10
9 (RLIN) 180968
852 ## - LOCALIZACIÓN
Ubicación ES-MaACL
Número de control de estantería C-32617
Sublocalización o colección R.63164
Holdings
Estatus retirado Estado de pérdida Estado de daño No para préstamo Biblioteca de origen Biblioteca actual Ubicación en estantería Fecha de adquisición Fuente de adquisición Total de préstamos Signatura topográfica completa Código de barras Visto por última vez Precio de reemplazo Tipo de ítem Koha
        Biblioteca del Ateneo de Madrid Biblioteca del Ateneo de Madrid Depósito 2 17/01/2008     C-32617 1132606 23/02/2023 23/02/2023 Libro impreso